Normal view
MARC view
- تاليف عبيدات،احمد ابراهيم بكار
Entry Personal Name
001 - CONTROL NUMBER
- control field: 60104
003 - CONTROL NUMBER IDENTIFIER
- control field: JO-AjAnu
005 - DATE AND TIME OF LATEST TRANSACTION
- control field: 20230606083826.0
008 - FIXED-LENGTH DATA ELEMENTS
- fixed length control field: 230606|| aca||aabn | a|a d
040 ## - CATALOGING SOURCE
- Original cataloging agency: JO-AjAnu
- Transcribing agency: JO-AjAnu
100 ## - HEADING--PERSONAL NAME
- Personal name: تاليف عبيدات،احمد ابراهيم بكار
670 ## - SOURCE DATA FOUND
- Source citation: Work cat.: (JO-AjAnu)30653: تاليف عبيدات،احمد ابراهيم بكار, author, الاطلس الجامع لقواعد الاملاء العربي